| 000 | 01430nam a2200277 a 4500 | ||
|---|---|---|---|
| 003 | DO-SdBNP | ||
| 005 | 20220126100346.0 | ||
| 007 | ta | ||
| 008 | 220125e2012 dr adb|gr|||| 001 0 spa d | ||
| 040 |
_aDO-SdBNP _bspa _cBNPHU |
||
| 082 | 4 |
_222 _bP699n |
|
| 245 | 1 | 0 |
_aPlan Nacional de desarrollo de la industria minera e hidrocarburos : _bRepública Dominicana, 2012 - 2030 / _cMarcó U. Pérez, Miguel A. Peña, Juan A. Gil |
| 260 |
_aSanto Domingo : _bCAMPE, _c2012 |
||
| 300 |
_a57 [4] p. : _bil., mapas; _c28 cm |
||
| 505 | 0 |
_a Prefacio. _t1. Introducción. _t2. Estado actual del sector.-- _t3. Planificación y Desarrollo de la Industria Minera-Hidrocarburo.-- _t4. Potencial Minero-Hidrocarburos de la República Dominicana.-- _t5. El sector minero y la Economía dominicana.-- _t6. Plan Nacional de desarrollo de la Industria Minera.-- _t7. Proyectos a corto y mediano plazo del Sector Minero.-- _t8. Conclusión.-- _t9. Referencias. |
|
| 650 | 4 |
_973170 _aIndustria Minera _zRepública Dominicana |
|
| 650 | 4 |
_973198 _aHidrocarburos _zRepública Dominicana |
|
| 650 | 4 |
_951526 _aPlanificación Industrial _zRepública Dominicana |
|
| 650 | 0 |
_953171 _aPlanes de Desarrollo _zRepública Dominicana |
|
| 700 | 1 |
_aPérez, Marcó U. _981009 |
|
| 700 | 1 |
_a Peña, Miguel A. _981010 |
|
| 700 | 1 |
_aGil, Juan A. _981011 |
|
| 710 | 2 |
_aCámara Minera Petrolera (República Dominicana) _981015 |
|
| 910 | _aMFeliz | ||
| 942 |
_2ddc _cLBS1 |
||
| 999 |
_c51224 _d51224 |
||